00773 2200265 4500001002100000005001700021008004100038020001800079035002400097041000800121043001200129082001100141090002200152100002300174245008800197250001100285260007600296300002100372490002300393504001400416650001700430700002300447850001200470999002500482YOGYA-0511000000067220110510104510.0 ind  a979-8368-48-7 0010-051100000000672 aInd aYOPDYOG a305.23 aDep 305.23bNur S aNURHARJADMO, Wahyu aSeksualitas anak jalanancWahyu Nurharjadmo ;penyunting Anna Marie Wattie...(et al) aCet. 1 aYogyakartabPusat Penelitian Kependudukan Universitas Gadjah Madac1999 ax, 61 hlmc22 cm aseri laporan no.85 ahlm 59-61 aAnak Jalanan aWattie, Anna Marie aYOPDYOG aCB - D.11 - 99 - 265